000 00458cam a22001934a 4500
005 20250605164316.0
008 250528s ||||||||||||||||||||||||d
035 _a22722
020 _a9780273721802
040 _aGR-AtMCL
_bgre
_dGR-AtMCL
_eAACR2
245 1 _aFAST TRACK TO SUCCESS MARKETING
250 _a1
260 _bPrentice Hall,
_c2009
300 _a228
700 1 _aRitchie Chris
_98436
942 _cBK
999 _c7767
_d7767